LEADER 02302nam 2200601 450 001 9910459744803321 005 20200520144314.0 010 $a1-60554-390-X 035 $a(OCoLC)890089863 035 $a(SSID)ssj0001332777 035 $a(PQKBManifestationID)12532227 035 $a(PQKBTitleCode)TC0001332777 035 $a(PQKBWorkID)11377117 035 $a(PQKB)10003844 035 $a(MiAaPQ)EBC1699957 035 $a(Au-PeEL)EBL1699957 035 $a(CaPaEBR)ebr10931129 035 $a(CaONFJC)MIL686333 035 $a(EXLCZ)993710000000228925 100 $a20140925h20142014 uy 0 101 0 $aeng 135 $aurbn#---|nn|n 181 $ctxt 182 $cc 183 $acr 200 10$aDoing the right thing for children $eeight qualities of leadership /$fMaurice Sykes ; with a foreword by Thomas Schultz ; cover design by Jim Handrigan ; interior design by Ryan Scheife 210 1$aSaint Paul, Minnesota :$cRedleaf Press,$d2014. 210 4$dİ2014 215 $a1 online resource (148 pages.) 300 $aIncludes index. 311 $a1-60554-296-2 327 $aForeword; Acknowledgements; Introduction; Chapter 1: The Leader''s Core: You Are What You Believe; Chapter 2: Human Potential; Chapter 3: Knowledge; Chapter 4: Social Justice; Chapter 5: Competence; Chapter 6: Fun and Enjoyment; Chapter 7: Personal Renewal; Chapter 8: Perseverance; Chapter 9: Courage; Epilogue: So What''s Your Leadership Story?; Index 606 $aEarly childhood education$zUnited States$xAdministration 606 $aEducational leadership$zUnited States 606 $aEarly childhood teachers$xTraining of$zUnited States 606 $aEarly childhood educators$zUnited States 608 $aElectronic books. 615 0$aEarly childhood education$xAdministration. 615 0$aEducational leadership 615 0$aEarly childhood teachers$xTraining of 615 0$aEarly childhood educators 676 $a372.210973 700 $aSykes$b Maurice$0998803 702 $aSchultz$b Thomas 702 $aHandrigan$b Jim 702 $aScheife$b Ryan 801 0$bMiAaPQ 801 1$bMiAaPQ 801 2$bMiAaPQ 906 $aBOOK 912 $a9910459744803321 996 $aDoing the right thing for children$92291311 997 $aUNINA LEADER 01139nam 2200373 450 001 9910586641503321 005 20221013120450.0 010 $a1-80355-385-5 035 $a(CKB)4950000000722114 035 $a(NjHacI)994950000000722114 035 $a(EXLCZ)994950000000722114 100 $a20221013d2022 uy 0 101 0 $aeng 135 $aur||||||||||| 181 $ctxt$2rdacontent 182 $cc$2rdamedia 183 $acr$2rdacarrier 200 00$aEngineering Principles $eWelding and Residual Stresses /$fedited by Kavian Omar Cooke, Ronaldo Ca?mara Cozza 210 1$aLondon :$cIntechOpen,$d2022. 215 $a1 online resource (338 pages) $cillustrations 311 $a1-80355-384-7 320 $aIncludes bibliographical references. 517 $aEngineering Principles 606 $aWelding$xSafety measures 615 0$aWelding$xSafety measures. 676 $a671.5 702 $aCooke$b Kavian Omar 702 $aCozza$b Ronaldo Ca?mara 801 0$bNjHacI 801 1$bNjHacl 906 $aBOOK 912 $a9910586641503321 996 $aEngineering Principles$92955559 997 $aUNINA